[Event "RUS-Cup"]
[Site "Minsk"]
[Date "2001.??.??"]
[Round "2"]
[White "Kupreichik, Viktor D"]
[Black "Poley, Vladimir"]
[Result "1-0"]
[WhiteElo "2453"]
[BlackElo "2370"]
[PlyCount "53"]
[EventDate "2001.??.??"]
[EventType "swiss"]
[EventRounds "9"]
[EventCountry "BLR"]
[SourceTitle "EXT 2002"]
[Source "ChessBase"]
[SourceDate "2001.11.25"]
[SourceVersion "1"]
[SourceVersionDate "2001.11.25"]
[SourceQuality "1"]

1. d4 g6 2. c4 Bg7 3. Nc3 d6 4. g3 c5 5. dxc5 Bxc3+ 6. bxc3 dxc5 7. Qb3 Nf6 8.
Bg2 Nbd7 9. Nf3 Qc7 10. O-O h5 11. Bg5 Kf8 12. Rad1 Kg7 13. Nd2 Nh7 14. Be3 a5
15. Ne4 Nhf6 16. Nxf6 Nxf6 17. Qb5 Bg4 18. Rfe1 Rac8 19. Rb1 Bf5 20. Rb2 h4 21.
Qxb7 Qe5 22. Bf4 Qe6 23. Rb6 Qxc4 24. Qxe7 Nd7 25. Be5+ Kh7 26. Bd5 Qxd5 27.
Qxh4+ 1-0

[Event "RUS-Cup"]
[Site "Minsk"]
[Date "2001.??.??"]
[Round "4"]
[White "Kupreichik, Viktor D"]
[Black "Tihonov, Jurij"]
[Result "1-0"]
[WhiteElo "2453"]
[BlackElo "2409"]
[PlyCount "57"]
[EventDate "2001.??.??"]
[EventType "swiss"]
[EventRounds "9"]
[EventCountry "BLR"]
[SourceTitle "EXT 2002"]
[Source "ChessBase"]
[SourceDate "2001.11.25"]
[SourceVersion "1"]
[SourceVersionDate "2001.11.25"]
[SourceQuality "1"]

1. e4 c5 2. Ne2 d6 3. g3 Nc6 4. Bg2 g6 5. c3 Bg7 6. d4 h5 7. Be3 cxd4 8. cxd4
h4 9. Nbc3 Nf6 10. Qd2 Bd7 11. f4 Bg4 12. e5 Nh5 13. O-O e6 14. Bf3 Bxf3 15.
Rxf3 hxg3 16. hxg3 f5 17. d5 exd5 18. Qxd5 Qd7 19. Nb5 Bf8 20. Rd1 Qf7 21. e6
Qh7 22. Bd4 Nxd4 23. Qxd4 Rd8 24. Nc7+ Ke7 25. Nd5+ Kxe6 26. Qc4 Kf7 27. Qc7+
Kg8 28. Qxd8 Nxf4 29. Nf6+ 1-0

[Event "RUS-Cup"]
[Site "Minsk"]
[Date "2001.??.??"]
[Round "5"]
[White "Voitsekhovsky, Stanislav"]
[Black "Kupreichik, Viktor D"]
[Result "0-1"]
[WhiteElo "2447"]
[BlackElo "2453"]
[PlyCount "68"]
[EventDate "2001.??.??"]
[EventType "swiss"]
[EventRounds "9"]
[EventCountry "BLR"]
[SourceTitle "EXT 2002"]
[Source "ChessBase"]
[SourceDate "2001.11.25"]
[SourceVersion "1"]
[SourceVersionDate "2001.11.25"]
[SourceQuality "1"]

1. e4 c5 2. Nf3 d6 3. d4 cxd4 4. Nxd4 Nf6 5. Nc3 Nc6 6. Bc4 Bd7 7. Bb3 g6 8. f3
Nxd4 9. Qxd4 Bg7 10. Be3 O-O 11. Qd2 b5 12. a3 a5 13. O-O a4 14. Ba2 Qc7 15.
Ne2 Rfd8 16. Nf4 Bc6 17. c3 d5 18. Nxd5 Bxd5 19. exd5 e6 20. Bg5 Rd7 21. Rad1
Nxd5 22. Qf2 Re8 23. Bxd5 Rxd5 24. Rxd5 exd5 25. Be3 Qc4 26. Rd1 Qb3 27. Rd3 b4
28. axb4 a3 29. bxa3 d4 30. Bc1 dxc3 31. Re3 Rxe3 32. Bxe3 Qd1+ 33. Qf1 c2 34.
Kf2 Bd4 0-1

[Event "RUS-Cup"]
[Site "Minsk"]
[Date "2001.??.??"]
[Round "7"]
[White "Kupreichik, Viktor D"]
[Black "Lutsko, Igor"]
[Result "1-0"]
[WhiteElo "2453"]
[BlackElo "2304"]
[PlyCount "81"]
[EventDate "2001.??.??"]
[EventType "swiss"]
[EventRounds "9"]
[EventCountry "BLR"]
[SourceTitle "EXT 2002"]
[Source "ChessBase"]
[SourceDate "2001.11.25"]
[SourceVersion "1"]
[SourceVersionDate "2001.11.25"]
[SourceQuality "1"]

1. e4 c5 2. Ne2 Nc6 3. d4 cxd4 4. Nxd4 Nf6 5. Nc3 d6 6. Bg5 e6 7. Qd2 a6 8.
O-O-O Bd7 9. f4 b5 10. Nxc6 Bxc6 11. Bd3 Be7 12. e5 dxe5 13. fxe5 Nd5 14. Ne4
Bxg5 15. Nxg5 h6 16. Ne4 O-O 17. Rhf1 f5 18. exf6 Nxf6 19. Qe3 Qe7 20. Nc5 Ng4
21. Qxe6+ Qxe6 22. Nxe6 Rxf1 23. Rxf1 Ne3 24. Rf2 Ng4 25. Rf4 Ne5 26. Be4 Rc8
27. Bxc6 Rxc6 28. Rf8+ Kh7 29. Re8 Kg6 30. Nd4 Rc5 31. Re6+ Kh5 32. Rxa6 Ng4
33. Ne6 Re5 34. Nxg7+ Kg5 35. Ne6+ Kf5 36. Nd4+ Ke4 37. Nf3 Rh5 38. a4 b4 39.
Rb6 Ke3 40. h3 Nf2 41. Rxb4 1-0

[Event "Staufer op 13th"]
[Site "Schwaebisch Gmuend"]
[Date "2001.??.??"]
[Round "5"]
[White "Kupreichik, Viktor D"]
[Black "Kacheishvili, Giorgi"]
[Result "1-0"]
[WhiteElo "2453"]
[BlackElo "2556"]
[PlyCount "103"]
[EventDate "2001.01.??"]
[EventType "swiss"]
[EventRounds "9"]
[EventCountry "GER"]
[SourceTitle "CBM 080 Extra"]
[Source "ChessBase"]
[SourceDate "2001.03.08"]
[SourceVersion "1"]
[SourceVersionDate "2001.03.08"]
[SourceQuality "1"]

1. e4 e6 2. d4 d5 3. e5 c5 4. c3 Nc6 5. Be3 Nge7 6. Bd3 cxd4 7. cxd4 Nf5 8. Nf3
Nxe3 9. fxe3 g6 10. Nc3 Bg7 11. h4 Qe7 12. Qe2 Bd7 13. O-O-O f6 14. exf6 Bxf6
15. Kb1 O-O-O 16. g4 Be8 17. Bc2 Rf8 18. g5 Bg7 19. Rhf1 Kb8 20. Bb3 Qc7 21.
Rc1 Qg3 22. Na4 Qd6 23. Nc5 e5 24. dxe5 Nxe5 25. Nd4 Rxf1 26. Qxf1 Rc8 27. Nce6
Bh8 28. Qf8 Qxf8 29. Nxf8 Ng4 30. Nxh7 Nxe3 31. Nf6 Bc6 32. Bc2 Nxc2 33. Rxc2
Rc7 34. Kc1 Kc8 35. Kd2 Bxf6 36. gxf6 Kd7 37. b4 a6 38. a4 Kd6 39. b5 Be8 40.
Rxc7 Kxc7 41. Ke3 Kd6 42. Kf4 axb5 43. axb5 Bf7 44. b6 Be8 45. Kg5 Ke5 46. Nc6+
Kd6 47. Nd8 d4 48. Nxb7+ Kd7 49. Kf4 Kc6 50. Nd8+ Kxb6 51. f7 Bxf7 52. Nxf7 1-0

[Event "Bad Woerishofen op 17th"]
[Site "Bad Woerishofen"]
[Date "2001.??.??"]
[Round "6"]
[White "Deglmann, Ludwig"]
[Black "Kupreichik, Viktor D"]
[Result "0-1"]
[WhiteElo "2306"]
[BlackElo "2453"]
[PlyCount "65"]
[EventDate "2001.03.15"]
[EventType "swiss"]
[EventRounds "9"]
[EventCountry "GER"]
[SourceTitle "CBM 081 Extra"]
[Source "ChessBase"]
[SourceDate "2001.05.06"]
[SourceVersion "1"]
[SourceVersionDate "2001.05.06"]
[SourceQuality "1"]

1. d4 d5 2. c4 e6 3. Nf3 Nf6 4. e3 Be7 5. b3 O-O 6. Bd3 c5 7. O-O dxc4 8. bxc4
Nc6 9. Nc3 g6 10. Bb2 cxd4 11. exd4 Nxd4 12. Nxd4 Qxd4 13. Qe2 Qc5 14. Be4 Bd7
15. Bxb7 Rab8 16. Ne4 Nxe4 17. Bxe4 Rfc8 18. Rac1 Bg5 19. Rcd1 Ba4 20. Rd3 Qxc4
21. Be5 f5 22. Bf3 Bc2 23. Rd7 Rb1 24. Qxc4 Rxc4 25. g3 Kf8 26. Rxh7 Be7 27.
Rh8+ Kf7 28. h4 Bf6 29. Bxf6 Kxf6 30. Rh7 Ra4 31. Rxb1 Bxb1 32. Bc6 Rxa2 33.
Be8 0-1

[Event "Bad Woerishofen op 17th"]
[Site "Bad Woerishofen"]
[Date "2001.03.21"]
[Round "7"]
[White "Kupreichik, Viktor D"]
[Black "Sokolov, Andrei"]
[Result "1-0"]
[WhiteElo "2453"]
[BlackElo "2566"]
[PlyCount "61"]
[EventDate "2001.03.15"]
[EventType "swiss"]
[EventRounds "9"]
[EventCountry "GER"]
[SourceTitle "CBM 081 Extra"]
[Source "ChessBase"]
[SourceDate "2001.05.06"]
[SourceVersion "1"]
[SourceVersionDate "2001.05.06"]
[SourceQuality "1"]

1. e4 c5 2. Ne2 d6 3. g3 h5 4. d4 h4 5. dxc5 Bg4 6. gxh4 Nc6 7. cxd6 exd6 8.
Bf4 Qxh4 9. Nbc3 Bxe2 10. Nxe2 g5 11. Be3 Qxe4 12. Rg1 Qb4+ 13. c3 Qxb2 14. Rb1
Qxa2 15. Rxb7 Nf6 16. Nc1 Qa5 17. Rxg5 d5 18. Nb3 Qxc3+ 19. Bd2 Qb2 20. Bb5 Rc8
21. Qe2+ Ne4 22. Rxd5 Qb1+ 23. Nc1 Bb4 24. Bxc6+ Rxc6 25. Rb8+ Ke7 26. Bxb4+
Ke6 27. Re5+ Kxe5 28. Bc3+ Kd6 29. Rxb1 Nxc3 30. Qd3+ Kc7 31. Qg3+ 1-0

[Event "Oberliga NRW 0102 II"]
[Site "Germany"]
[Date "2001.09.30"]
[Round "1.1"]
[White "Kupreichik, Viktor D"]
[Black "Matthaei, Alexander"]
[Result "1-0"]
[WhiteElo "2443"]
[BlackElo "2347"]
[PlyCount "61"]
[EventDate "2001.10.??"]
[EventType "team"]
[EventRounds "9"]
[EventCountry "GER"]
[SourceTitle "EXT 2004"]
[Source "ChessBase"]
[SourceDate "2003.11.25"]
[SourceVersion "1"]
[SourceVersionDate "2003.11.25"]
[SourceQuality "1"]
[WhiteTeam "Plettenberg"]
[BlackTeam "Porz III"]
[WhiteTeamCountry "GER"]
[BlackTeamCountry "GER"]

1. e4 c5 2. Ne2 Nc6 3. Nbc3 Nf6 4. g3 e6 5. Bg2 d6 6. O-O Be7 7. d4 cxd4 8.
Nxd4 Nxd4 9. Qxd4 O-O 10. a4 Qc7 11. Nb5 Qb8 12. c4 a6 13. Nc3 b6 14. Be3 Nd7
15. Rac1 Bb7 16. Rfd1 Rd8 17. Qd2 Qc7 18. b3 Rac8 19. h3 Nc5 20. Qa2 Qb8 21.
Rb1 Qc7 22. Bd4 Nd7 23. Ra1 Ne5 24. Qd2 Nc6 25. Be3 Bf6 26. Rab1 Nb8 27. a5
bxa5 28. Na4 Qc6 29. Nb6 Rc7 30. Qxa5 Be7 31. Nd5 1-0

[Event "Oberliga NRW 0102 II"]
[Site "Germany"]
[Date "2002.01.14"]
[Round "4.2"]
[White "Kupreichik, Viktor D"]
[Black "Naiditsch, Arkadij"]
[Result "1-0"]
[WhiteElo "2443"]
[BlackElo "2524"]
[PlyCount "137"]
[EventDate "2001.10.??"]
[EventType "team"]
[EventRounds "9"]
[EventCountry "GER"]
[SourceTitle "EXT 2004"]
[Source "ChessBase"]
[SourceDate "2003.11.25"]
[SourceVersion "1"]
[SourceVersionDate "2003.11.25"]
[SourceQuality "1"]
[WhiteTeam "Plettenberg"]
[BlackTeam "Brackel"]
[WhiteTeamCountry "GER"]
[BlackTeamCountry "GER"]

1. e4 c5 2. Ne2 d6 3. g3 Nf6 4. Bg2 Nc6 5. O-O g6 6. c3 Bg4 7. h3 Bxe2 8. Qxe2
Bg7 9. f4 Nd7 10. d3 O-O 11. Nd2 Rc8 12. Nf3 b5 13. Be3 b4 14. d4 bxc3 15. bxc3
cxd4 16. cxd4 d5 17. exd5 Nb4 18. Ne5 Nb6 19. Nc6 Nxc6 20. dxc6 Nd5 21. Bf2
Rxc6 22. Qb5 Rd6 23. Rac1 h5 24. Rc5 Nc7 25. Qa5 Ne6 26. Qxd8 Rfxd8 27. Ra5 h4
28. d5 hxg3 29. Bxg3 Bd4+ 30. Kh2 Bb6 31. Ra3 Nd4 32. f5 Nxf5 33. Bxd6 Rxd6 34.
Rc3 Bd4 35. Rc8+ Kg7 36. Re1 Ra6 37. Re2 Ra3 38. Rb8 Rc3 39. Rb1 Bc5 40. Reb2
Nd4 41. Kh1 f5 42. Rd2 Re3 43. Rbd1 Ne2 44. Rd3 Re5 45. Bf3 Nf4 46. Rc3 Bd6 47.
h4 Kf6 48. a4 Ne2 49. Rb3 Ng3+ 50. Kg2 f4 51. Bg4 Re4 52. Ra1 Rd4 53. Bf3 Nf5
54. Kh3 Rd2 55. a5 Nd4 56. Rc3 Rf2 57. Kg4 Nf5 58. Re1 Rh2 59. Re6+ Kf7 60. Kg5
Ne3 61. Rxd6 exd6 62. Rc7+ Ke8 63. Kxf4 Nf5 64. h5 Ne7 65. Rxa7 gxh5 66. a6 h4
67. Rb7 Ra2 68. a7 Kf7 69. Kg5 1-0

[Event "Chigorin Memorial 09th"]
[Site "St Petersburg"]
[Date "2001.10.28"]
[Round "3"]
[White "Kupreichik, Viktor D"]
[Black "Zakhartsov, Viacheslav V"]
[Result "1-0"]
[WhiteElo "2453"]
[BlackElo "2527"]
[PlyCount "95"]
[EventDate "2001.10.26"]
[EventType "swiss"]
[EventRounds "9"]
[EventCountry "RUS"]
[SourceTitle "EXT 2002"]
[Source "ChessBase"]
[SourceDate "2001.11.25"]
[SourceVersion "1"]
[SourceVersionDate "2001.11.25"]
[SourceQuality "1"]

1. e4 c6 2. Nc3 d5 3. d4 dxe4 4. Nxe4 Bf5 5. Ng3 Bg6 6. Nf3 Nd7 7. h4 h6 8. Bf4
e6 9. Bd3 Bxd3 10. Qxd3 Ngf6 11. O-O-O Nd5 12. Be5 Qa5 13. Qb3 O-O-O 14. Ne4
N5f6 15. Rhe1 Nxe4 16. Rxe4 Qd5 17. Qxd5 exd5 18. Re2 f6 19. Bg3 h5 20. Ne1 Nb6
21. Nd3 Kd7 22. Nc5+ Bxc5 23. dxc5 Nc8 24. c4 Ne7 25. Bd6 Rhe8 26. g3 Nf5 27.
Rxe8 Kxe8 28. cxd5 Nxd6 29. dxc6 bxc6 30. cxd6 Kd7 31. Re1 Kxd6 32. Rd1+ Kc7
33. Rxd8 Kxd8 34. Kd2 Kd7 35. Kd3 Kd6 36. Kc4 g6 37. b4 Kd7 38. Kc5 Kc7 39. b5
cxb5 40. Kxb5 Kb7 41. Kc5 Kc7 42. Kd5 Kd7 43. a4 f5 44. a5 Kc7 45. Ke6 Kb7 46.
Kf6 Ka6 47. Kxg6 Kxa5 48. Kxh5 1-0

[Event "Chigorin Memorial 09th"]
[Site "St Petersburg"]
[Date "2001.10.31"]
[Round "6"]
[White "Krapivin, Vladislav"]
[Black "Kupreichik, Viktor D"]
[Result "0-1"]
[WhiteElo "2318"]
[BlackElo "2453"]
[PlyCount "92"]
[EventDate "2001.10.26"]
[EventType "swiss"]
[EventRounds "9"]
[EventCountry "RUS"]
[SourceTitle "EXT 2002"]
[Source "ChessBase"]
[SourceDate "2001.11.25"]
[SourceVersion "1"]
[SourceVersionDate "2001.11.25"]
[SourceQuality "1"]

1. e4 e5 2. Nc3 Nf6 3. Nf3 Nc6 4. Bb5 Bc5 5. O-O O-O 6. Nxe5 Re8 7. Nd3 Bb6 8.
e5 Nxe5 9. Nxe5 Rxe5 10. d4 Re8 11. Bg5 c6 12. Bd3 h6 13. Bxf6 Qxf6 14. Ne2 d5
15. c3 Bd7 16. Qd2 Re7 17. Qf4 Qxf4 18. Nxf4 Bc7 19. Ne2 Rae8 20. Ng3 g6 21.
Rfd1 Kg7 22. Nf1 Bg4 23. f3 Bf5 24. Bxf5 gxf5 25. g3 Re2 26. Rd2 Rxd2 27. Nxd2
Re2 28. Rd1 f4 29. g4 Bd8 30. a4 Kg6 31. Kf1 Rxh2 32. Kg1 Re2 33. Kf1 Re3 34.
Re1 f5 35. gxf5+ Kxf5 36. Re2 Bh4 37. Rxe3 fxe3 38. Nb3 h5 39. Nc1 Kf4 40. Kg2
e2 41. Nxe2+ Ke3 42. Ng1 Kd3 43. Kf1 Kc2 44. Ke2 a5 45. Nh3 Kxb2 46. Kd3 b5 0-1

[Event "Chigorin Memorial 09th"]
[Site "St Petersburg"]
[Date "2001.10.02"]
[Round "8"]
[White "Iakymov, Volodymyr"]
[Black "Kupreichik, Viktor D"]
[Result "0-1"]
[WhiteElo "2343"]
[BlackElo "2453"]
[PlyCount "50"]
[EventDate "2001.10.26"]
[EventType "swiss"]
[EventRounds "9"]
[EventCountry "RUS"]
[SourceTitle "EXT 2002"]
[Source "ChessBase"]
[SourceDate "2001.11.25"]
[SourceVersion "1"]
[SourceVersionDate "2001.11.25"]
[SourceQuality "1"]

1. e4 c5 2. c3 e6 3. d4 d5 4. exd5 exd5 5. Be3 cxd4 6. Bxd4 Nc6 7. Nf3 Nf6 8.
Bxf6 Qxf6 9. Qxd5 Be7 10. Be2 Be6 11. Qb5 O-O-O 12. Nbd2 Rd5 13. Qa4 Rhd8 14.
Bb5 Rxd2 15. Bxc6 Rxb2 16. O-O Bc5 17. Be4 Kb8 18. Rab1 Qxc3 19. Rxb2 Qxb2 20.
Rb1 Qxf2+ 21. Kh1 Bb6 22. Qb5 Qxa2 23. Qe5+ Ka8 24. h3 f6 25. Qg3 f5 0-1

[Event "Graz op"]
[Site "Graz"]
[Date "2002.??.??"]
[Round "3"]
[White "Kupreichik, Viktor D"]
[Black "Pilaj, Herwig"]
[Result "1-0"]
[WhiteElo "2421"]
[BlackElo "2318"]
[PlyCount "57"]
[EventDate "2002.??.??"]
[EventType "swiss"]
[EventRounds "9"]
[EventCountry "AUT"]
[SourceTitle "EXT 2003"]
[Source "ChessBase"]
[SourceDate "2002.11.25"]
[SourceVersion "1"]
[SourceVersionDate "2002.11.25"]
[SourceQuality "1"]

1. e4 e6 2. d4 d5 3. e5 c5 4. c3 Qb6 5. Nf3 Nc6 6. Be2 cxd4 7. cxd4 Nge7 8. Na3
Nf5 9. Nc2 Bd7 10. O-O a5 11. g4 Nfe7 12. Nh4 f6 13. Be3 fxe5 14. dxe5 Qc7 15.
f4 g5 16. fxg5 Qxe5 17. Nf3 Qb8 18. Nfd4 Bg7 19. Qd2 Be5 20. Rf2 Rf8 21. Bd3
Ng6 22. Raf1 Rg8 23. Rf7 Nxd4 24. Nxd4 Qd6 25. Rxh7 Qb4 26. Qf2 O-O-O 27. a3
Qd6 28. Bxg6 Rxg6 29. Qc2+ 1-0

[Event "Graz op"]
[Site "Graz"]
[Date "2002.??.??"]
[Round "7"]
[White "Kupreichik, Viktor D"]
[Black "Butunoi, Alexandru Victor"]
[Result "1-0"]
[WhiteElo "2421"]
[BlackElo "2357"]
[PlyCount "93"]
[EventDate "2002.??.??"]
[EventType "swiss"]
[EventRounds "9"]
[EventCountry "AUT"]
[SourceTitle "EXT 2003"]
[Source "ChessBase"]
[SourceDate "2002.11.25"]
[SourceVersion "1"]
[SourceVersionDate "2002.11.25"]
[SourceQuality "1"]

1. e4 e5 2. Bc4 Nf6 3. d3 Nc6 4. Nc3 Na5 5. f4 Nxc4 6. dxc4 exf4 7. e5 Ng8 8.
Bxf4 Bb4 9. Qd3 Ne7 10. a3 Bxc3+ 11. Qxc3 Ng6 12. Bg3 O-O 13. O-O-O b6 14. Nf3
Bb7 15. h4 Qe7 16. Rhe1 Rad8 17. h5 Bxf3 18. Qxf3 Qg5+ 19. Kb1 Nh4 20. Bxh4
Qxh4 21. Re4 Qg5 22. Rd5 Qh6 23. g4 Qe6 24. g5 Rfe8 25. Rdd4 Qc6 26. Qe3 Re6
27. h6 g6 28. Rd5 Rde8 29. Qd4 R8e7 30. b4 Qa4 31. Re3 Kf8 32. b5 Ke8 33. Rd3
c5 34. Qe4 Kf8 35. Rxd7 Rxd7 36. Rxd7 Qxa3 37. Rd3 Qb4+ 38. Kc1 Qa4 39. Kb2
Qb4+ 40. Kc1 Qa5 41. Kb2 Qb4+ 42. Ka2 Re8 43. c3 Qa4+ 44. Kb2 a6 45. e6 Rxe6
46. Qa8+ Re8 47. Rd8 1-0

[Event "Staufer op 14th"]
[Site "Schwaebisch Gmuend"]
[Date "2002.??.??"]
[Round "6"]
[White "Pribyl, Josef"]
[Black "Kupreichik, Viktor D"]
[Result "0-1"]
[WhiteElo "2415"]
[BlackElo "2421"]
[PlyCount "66"]
[EventDate "2002.02.??"]
[EventType "swiss"]
[EventRounds "9"]
[EventCountry "GER"]
[SourceTitle "EXT 2003"]
[Source "ChessBase"]
[SourceDate "2002.11.25"]
[SourceVersion "1"]
[SourceVersionDate "2002.11.25"]
[SourceQuality "1"]

1. d4 Nf6 2. Nf3 g6 3. Nc3 d5 4. Bf4 c6 5. e3 Nbd7 6. h3 Bg7 7. Bd3 O-O 8. O-O
c5 9. Re1 a6 10. a4 b6 11. Nb1 c4 12. Bf1 Bb7 13. Nc3 Ne4 14. Nxe4 dxe4 15. Ne5
Nxe5 16. dxe5 Bd5 17. b3 cxb3 18. cxb3 e6 19. Qd4 Bxb3 20. Reb1 Bd5 21. Rxb6 g5
22. Bg3 f5 23. Rxa6 Rxa6 24. Bxa6 f4 25. Bh2 Qc7 26. exf4 gxf4 27. Qd1 e3 28.
fxe3 Qxe5 29. Rc1 Qxe3+ 30. Kh1 f3 31. Bf1 fxg2+ 32. Bxg2 Bxg2+ 33. Kxg2 Rf2+
0-1

[Event "Staufer op 14th"]
[Site "Schwaebisch Gmuend"]
[Date "2002.??.??"]
[Round "7"]
[White "Kunin, Vitaly L"]
[Black "Kupreichik, Viktor D"]
[Result "0-1"]
[WhiteElo "2424"]
[BlackElo "2421"]
[PlyCount "76"]
[EventDate "2002.02.??"]
[EventType "swiss"]
[EventRounds "9"]
[EventCountry "GER"]
[SourceTitle "EXT 2003"]
[Source "ChessBase"]
[SourceDate "2002.11.25"]
[SourceVersion "1"]
[SourceVersionDate "2002.11.25"]
[SourceQuality "1"]

1. d4 Nf6 2. c4 g6 3. Nc3 Bg7 4. e4 d6 5. Nf3 O-O 6. h3 c6 7. Bg5 d5 8. exd5
cxd5 9. Bxf6 Bxf6 10. cxd5 e6 11. Bb5 exd5 12. O-O Be6 13. Re1 a6 14. Bf1 Nc6
15. Qd2 Rc8 16. Rac1 b5 17. a4 Na5 18. Qf4 Nb3 19. Rcd1 bxa4 20. Bxa6 Ra8 21.
Bb7 g5 22. Qg3 Rb8 23. Ba6 Rb4 24. Na2 Rb6 25. Bd3 Qb8 26. Re5 Bxe5 27. dxe5 f6
28. Nc3 Nc5 29. Bb1 Rxb2 30. Ba2 Rxa2 31. Nxa2 Ne4 32. Qh2 Qb2 33. Rf1 Qxa2 34.
Nd4 Bc8 35. exf6 Rxf6 36. Qe5 Rxf2 37. Qe8+ Kg7 38. Qe5+ Kh6 0-1

[Event "Staufer op 14th"]
[Site "Schwaebisch Gmuend"]
[Date "2002.??.??"]
[Round "9"]
[White "Mueller, Ralf"]
[Black "Kupreichik, Viktor D"]
[Result "0-1"]
[WhiteElo "2357"]
[BlackElo "2421"]
[PlyCount "106"]
[EventDate "2002.02.??"]
[EventType "swiss"]
[EventRounds "9"]
[EventCountry "GER"]
[SourceTitle "EXT 2003"]
[Source "ChessBase"]
[SourceDate "2002.11.25"]
[SourceVersion "1"]
[SourceVersionDate "2002.11.25"]
[SourceQuality "1"]

1. e4 c5 2. Nf3 d6 3. Bb5+ Nc6 4. O-O Bd7 5. c3 a6 6. Ba4 Nf6 7. d4 b5 8. Bc2
e5 9. d5 Ne7 10. Nh4 Ng6 11. Nf5 Qc8 12. a4 b4 13. Qe2 Nxd5 14. exd5 Bxf5 15.
Bxf5 Qxf5 16. cxb4 cxb4 17. Qc4 Qc8 18. Qxb4 Rb8 19. Qe4 Be7 20. Ra3 f5 21. Qe2
Qb7 22. Nc3 O-O 23. a5 e4 24. f3 exf3 25. Rxf3 Ne5 26. Rf1 g6 27. h3 Bf6 28.
Kh1 Rfe8 29. Ra4 Nd7 30. Qf3 Nc5 31. Rc4 Qb3 32. Rxc5 dxc5 33. Qd3 c4 34. Qg3
Rbd8 35. Qc7 Be5 36. Qc6 Bxc3 37. bxc3 Qxc3 38. d6 Qd3 39. Rg1 Qxd6 40. Qxc4+
Qe6 41. Qc3 Rc8 42. Qa3 h5 43. Qg3 Qf6 44. Qb3+ Qf7 45. Qg3 Rc4 46. Rd1 Rce4
47. Bb2 Re3 48. Qd6 Kh7 49. Rd2 f4 50. Bd4 R3e6 51. Qc5 f3 52. Rf2 fxg2+ 53.
Kxg2 Re2 0-1

[Event "Tula Suetin Memorial op"]
[Site "Tula"]
[Date "2002.03.28"]
[Round "6"]
[White "Kupreichik, Viktor D"]
[Black "Zhelnin, Vladimir V"]
[Result "1-0"]
[WhiteElo "2421"]
[BlackElo "2477"]
[PlyCount "85"]
[EventDate "2002.03.23"]
[EventType "swiss"]
[EventRounds "9"]
[EventCountry "RUS"]
[SourceTitle "CBM 087 Extra"]
[Source "ChessBase"]
[SourceDate "2002.05.03"]
[SourceVersion "2"]
[SourceVersionDate "2002.08.09"]
[SourceQuality "1"]

1. e4 c5 2. Ne2 Nc6 3. d4 cxd4 4. Nxd4 g6 5. Nc3 Bg7 6. Be3 Nf6 7. Bc4 O-O 8.
Bb3 d6 9. f3 Bd7 10. Qd2 Nxd4 11. Bxd4 b5 12. h4 e6 13. h5 b4 14. Na4 Bxa4 15.
Bxa4 e5 16. Be3 Nxh5 17. O-O-O Nf4 18. Kb1 d5 19. exd5 Qf6 20. Bc6 a5 21. Bxa8
Rxa8 22. g3 Nh5 23. d6 e4 24. Bd4 Qxd6 25. Qe3 Rd8 26. c3 bxc3 27. Bxg7 Qxd1+
28. Rxd1 Rxd1+ 29. Kc2 Rd2+ 30. Kc1 Nxg7 31. Qxc3 Rd8 32. fxe4 Ne6 33. Qxa5 Rd3
34. Qb5 Re3 35. Qb8+ Kg7 36. Qe5+ Kf8 37. a4 h5 38. a5 Ke7 39. a6 Re1+ 40. Kc2
Ra1 41. Qb8 Nd4+ 42. Kc3 Nc6 43. Qc7+ 1-0

[Event "Tula Suetin Memorial op"]
[Site "Tula"]
[Date "2002.??.??"]
[Round "8"]
[White "Kupreichik, Viktor D"]
[Black "Voitsekhovsky, Stanislav"]
[Result "1-0"]
[WhiteElo "2412"]
[BlackElo "2527"]
[PlyCount "127"]
[EventDate "2002.03.23"]
[EventType "swiss"]
[EventRounds "9"]
[EventCountry "RUS"]
[SourceTitle "CBM 087 Extra"]
[Source "ChessBase"]
[SourceDate "2002.05.03"]
[SourceVersion "2"]
[SourceVersionDate "2002.08.09"]
[SourceQuality "1"]

1. e4 c5 2. Nc3 Nc6 3. Nf3 e6 4. d4 cxd4 5. Nxd4 d6 6. Be3 Nf6 7. Bc4 a6 8. Qe2
Qc7 9. O-O-O Na5 10. Bd3 b5 11. f4 Bb7 12. Kb1 Be7 13. f5 e5 14. Nb3 Nc4 15.
Bc1 h5 16. Rhe1 Rc8 17. Bxc4 Qxc4 18. Qxc4 bxc4 19. Nd2 Bd8 20. Nf3 Ke7 21. Bd2
Ba5 22. Nd5+ Nxd5 23. Bxa5 Rc5 24. Bd2 c3 25. Bg5+ f6 26. Bh4 Nf4 27. b3 Rhc8
28. Bg3 Nxg2 29. Re2 Nf4 30. Bxf4 exf4 31. Nh4 Rd8 32. Ng6+ Kf7 33. Nxf4 Re5
34. Nd5 Rc8 35. Nb6 Rc7 36. Nc4 Rxc4 37. bxc4 Bxe4 38. Rxd6 a5 39. Kc1 Re7 40.
c5 Bxf5 41. Rxe7+ Kxe7 42. Rd4 Bd7 43. Kd1 g5 44. Ke2 f5 45. Rd6 Be6 46. Rb6 f4
47. Rb7+ Kd8 48. a3 h4 49. Rb6 Ke7 50. c6 g4 51. c7 Bc8 52. Rh6 h3 53. Kf2 Kd7
54. Rf6 f3 55. Rf5 Kxc7 56. Rxa5 Kd6 57. Rb5 Be6 58. a4 Bd7 59. Rb6+ Kc5 60. a5
Bf5 61. Rb1 Kc4 62. a6 Bxc2 63. Re1 Ba4 64. Re4+ 1-0

[Event "Oberwart op"]
[Site "Oberwart"]
[Date "2002.07.08"]
[Round "4"]
[White "Kupreichik, Viktor D"]
[Black "Karner, Christoph"]
[Result "1-0"]
[WhiteElo "2466"]
[BlackElo "2301"]
[PlyCount "37"]
[EventDate "2002.07.05"]
[EventType "swiss"]
[EventRounds "9"]
[EventCountry "AUT"]
[SourceTitle "CBM 089 Extra"]
[Source "ChessBase"]
[SourceDate "2002.09.10"]
[SourceVersion "2"]
[SourceVersionDate "2002.09.10"]
[SourceQuality "1"]

1. e4 c5 2. Ne2 d6 3. g3 e5 4. Bg2 g6 5. c3 Bg7 6. d4 cxd4 7. cxd4 Nc6 8. Be3
Bg4 9. f3 Bd7 10. Nbc3 exd4 11. Nxd4 Qb6 12. Nf5 Qxb2 13. Nxg7+ Kf8 14. Bd2
Kxg7 15. Rb1 Qa3 16. Rb3 Qc5 17. Na4 Qc4 18. Bc3+ f6 19. Rxb7 1-0

[Event "Oberliga NRW 0203 II"]
[Site "Germany"]
[Date "2002.10.06"]
[Round "1.1"]
[White "Kupreichik, Viktor D"]
[Black "Zagema, Wieb"]
[Result "1-0"]
[WhiteElo "2466"]
[BlackElo "2342"]
[PlyCount "33"]
[EventDate "2002.10.06"]
[EventType "team"]
[EventRounds "9"]
[EventCountry "GER"]
[SourceTitle "EXT 2004"]
[Source "ChessBase"]
[SourceDate "2003.11.25"]
[SourceVersion "1"]
[SourceVersionDate "2003.11.25"]
[SourceQuality "1"]
[WhiteTeam "Plettenberg"]
[BlackTeam "Gesch"]
[WhiteTeamCountry "GER"]
[BlackTeamCountry "GER"]

1. e4 d6 2. Nc3 Nf6 3. f4 e5 4. Nf3 exf4 5. d4 Nh5 6. Be2 g5 7. Nxg5 Qxg5 8.
Bxh5 Qh4+ 9. Kf1 c6 10. Qf3 Nd7 11. Bxf4 Nf6 12. Bg3 Qxh5 13. Qxf6 Rg8 14. Bh4
Bd7 15. Re1 Rg6 16. Qf2 Rg4 17. g3 {1:0 nach weiteren 20 Zügen. Notationen
völlig unleserlich.} 1-0